Adult Animation Click Timeline - Statistics

General Stats
  • This quiz has been taken 35 times
  • The average score is 6 of 18
Answer Stats
Hint Answer % Correct
The Simpsons 1989
59%
Futurama 1999
52%
Beavis and Butthead 1993
44%
Family Guy 1999
44%
The Boondocks 2005
41%
South Park 1997
37%
Big Mouth 2017
37%
American Dad 2005
33%
BoJack Horseman 2014
33%
Rick and Morty 2013
30%
Smiling Friends 2022
30%
Hazbin Hotel 2024
30%
Bob's Burgers 2011
26%
Invincible 2021
26%
King of the Hill 1997
15%
Archer 2009
15%
The Cleveland Show 2009
15%
Star Trek: Lower Decks 2020
0%
No matching quizzes found
Score Distribution
Percent of People with Each Score
Percentile by Number Answered
Your Score History
You have not taken this quiz